000 00740nam a2200289Ia 4500
005 20260324132025.0
008 008 260324s9999 xx 000 0 eng d
020 _a9781315219301
037 _aEBOOK
040 _aCRL
040 _beng
040 _cCRL
041 _2eng
041 _aeng
084 _qCRL
100 _aConstantine H. Houpis; Steven J. Rasmussen; Mario Garcia-Sanz
_91187745
245 0 _aQuantitative Feedback Theory
245 0 _bFundamentals and Applications, Second Edition
260 _bTaylor and Francis
260 _c2005
365 _a
365 _b340
856 _uhttp://www.taylorfrancis.com/books/9781315219301
942 _cEBOOK
999 _c1785423
_d1785423